00832nam a22002297a 4500999001700000003000900017008004100026040007100067082001900138100002100157245007800178260003200256300002800288440002700316505013600343650001800479650002600497650002200523700003300545942001600578945000800594 c20786d20786AR-CdUCM190605b ||||| |||| 00| 0 spa d aMUNICIPALIDAD PROVINCIAL DEL CUSCOcBIBLIOTECA MUNICIPAL DEL CUSCO a373.199 /bM81 aMolina E, Sergio aPlanificación integral del turismo :bUn enfoque para Latinoamérica / aMéxico :bTrillas,c1991. a104 páginas ;c31 cm. aTrillas turismo916322 aContenido : Evolución económica y social de Latinoamérica -- Papel del turismo en el proceso evolutivo de Latinoamérica... aTurismo94560 aPlanificación96254 aEstrategia922888 aRodríguez A, Sergio928812 2ddccLIBROS arcc